000 00831nam a2200229 i 4500
001 52953
003 ES-MaACL
005 20230906162656.0
007 t|
008 950906s1862 fr ||||1| fre d
080 _a94(72)
080 _a94(72)"1861/67"
100 1 _aDomenech, Emmanuel.
_945073
245 1 2 _aL'empire au Mexique et la candidature d'un prince Bonaparte au trone mexicain /
_cpar Emmanuel Domenech.
260 _aParis :
_bDentu,
_c1862 (
_fImp. de P.A. Bourdier et Cie.)
300 _a[2], 154, [1] p. ;
_c22 cm.
530 _aDisponible en formato digital.
651 4 _aMéxico-
_xHistoria.
_99062
651 4 _aMéxico-
_xHistoria-
_y1861-1867, Intervención europea.
_9146885
852 4 _aES-MaACL
_jT-82-F-4
856 4 _uhttp://bdh-rd.bne.es/viewer.vm?id=0000075007&page=1
_zBiblioteca Digital Hispánica
999 _c52953
_d52953